Statistics for Sam Smith- Stay with me

Click here to take the quiz!

General Stats

  • This quiz has been taken 398 times
  • The average score is 102 of 118

Answer Stats

HintAnswer% Correct
I
100%
i
100%
me
99%
stay
99%
with
99%
a
98%
you
98%
need
97%
all
94%
it
94%
to
94%
cause
93%
it's
92%
go
91%
love
91%
see
91%
won't
90%
you're
90%
no
89%
but
88%
i'm
88%
just
88%
not
87%
clear
86%
darling
86%
good
86%
man
86%
oh
86%
Oh
86%
so
86%
night
84%
one
84%
this
84%
my
83%
stand
83%
never
82%
true
82%
at
80%
don't
78%
hand
78%
hold
78%
still
78%
these
78%
want
78%
Guess
77%
plan
77%
seem
76%
ain't
75%
will
74%
nights
73%
why
73%
am
72%
emotional
72%
leave
72%
look
71%
some
68%
know
67%
self-control
67%
hurt
65%
doesn't
62%
can
61%
deep
61%
down
60%
works
58%
and
57%
gain
57%
lay
51%

Score Distribution

Percentile by Number Answered

Percent of People with Each Score

Your Score History

You have not taken this quiz